000
00304nam a22001337a 4500
020
_a
9789356349049
082
_a
425
_b
OSW/E
245
_a
CLASS X ENGLISH LANGUAGE & LITERATURE
250
_a
19
260
_a
AGRA
_b
OSWALL BOOKS
300
_a
335
650
_a
QUESTION BANK - ENGLISH
_z
DELHI
942
_c
BK
999
_c
6884
_d
6884